শিক্ষাবিজ্ঞান ও বাংলাদেশের শিক্ষা /

Podrobná bibliografie
Hlavní autor: মালেক, আব্দুল
Další autoři: বেগম, মরিয়ম, ইসলাম, ফখরুল, রিয়াদ, শেখ শাহবাজ
Médium: Kniha
Jazyk:Bengali
Vydáno: ঢাকা : বাংলাদেশ বিশ্ববিদ্যালয় মঞ্জুরী কমিশন (ইউজিসি), ২০০৭.
Témata:
Classic Catalogue: View this record in Classic Catalogue
LEADER 01401nam a22002897a 4500
001 35561
003 BD-DhAAL
005 20250622114547.0
008 211107t2007 bg a|||| |||| 00| 0 ben d
020 |a 9848090371 
040 |a BD-DhAAL  |d BD-DhAAL 
041 |a ben 
082 |a 370.95492 
100 |a মালেক, আব্দুল.  |9 42403 
245 |a শিক্ষাবিজ্ঞান ও বাংলাদেশের শিক্ষা /  |c আব্দুল মালেক... [et al.]. 
260 |a ঢাকা :  |b বাংলাদেশ বিশ্ববিদ্যালয় মঞ্জুরী কমিশন (ইউজিসি),  |c ২০০৭. 
300 |a ৫২১পৃষ্ঠা :  |b চিত্র ;  |c ২২ সে.মি. 
526 |a BIED 
541 |a Complimentary copy from BIED  |e 35561 
650 |a Education  |x Aims and objectives  |z Bangladesh.  |9 42407 
700 |a বেগম, মরিয়ম.  |9 42404 
700 |a ইসলাম, ফখরুল.  |9 42405 
700 |a রিয়াদ, শেখ শাহবাজ.  |9 42406 
852 |a Ayesha Abed Library  |c BIED Collection 
942 |2 ddc  |c BK 
999 |c 43320  |d 43320 
952 |0 0  |1 0  |2 ddc  |4 0  |6 370_954920000000000_MAL  |7 0  |9 69488  |a BRACUL  |b BRACUL  |c GEN  |d 2021-11-07  |e Complimentary copy from BIED  |l 0  |o 370.95492 MAL  |p 3010035561  |r 2021-11-07  |t 1  |w 2021-11-07  |y BK  |x Transferred from BIED to General Stacks